000 01242nam a22003015i 4500
001 151933
003 ES-MaACL
005 20250814080101.0
008 940301s1879 sp a |||| | spa d
080 _a621.74
100 1 _aBergue, Ernesto de.
_928020
245 1 0 _aManual del fundidor de metales /
_cpor Ernesto de Bergue.
260 _aMadrid :
_b[s.n.],
_c1879 (
_fTip. G. Estrada)
300 _a240, [1] h. pleg. de lám. ;
_c17 cm.
490 1 _aBiblioteca enciclopédica popular ilustrada. Sección 1ª. Artes y oficios
505 8 _aContiene: Parte primera: Metales, aleaciones, combustibles . Parte segunda: Fundición de hierro . Parte tercera: Fundición de bronce y otros metales
530 _aDisponible en formato digital.
596 _aMarca tip. en port.
650 4 _aFundición.
_9136146
650 4 _aMetales.
_9136490
650 _aAleaciones.
_99713
650 4 _aHierro-
_xFundición.
_9162668
700 1 _aEstrada, Gregorio.
_9126979
830 1 0 _aBiblioteca enciclopédica popular ilustrada.
_pArtes y oficios
_9187687
852 _aES-MaACL
_jF-13642
_z- Enc. hol.
856 _uhttp://hdl.handle.net/10481/19350
_zRepositorio Institucional de la Universidad de Granada
999 _c151933
_d151933